000 00417 a2200157 4500
020 _a9789875040274 (pbk.)
041 _aspa
100 _aFalconi, Maria Ines, 1954-
245 _aCaidos del mapa / Maria Ines Falconi ; ilustracion de , Caloi
260 _aBuenos Aires:Quipu, 2012, c1995
300 _a160 pages ;
_c21 cm
440 _aLos verdes de Quipu ; 1
700 _aCaloi
942 _cBK
952 _71
999 _c21012
_d21012